000 00589nam a2200229Ia 4500
003 GCL
008 140319s9999 xx 000 0 eng d
040 _aGCL /
_cGCL
082 0 4 _a651.3
_bM M
100 1 _aSTANDING FORD, OLIVER
245 1 0 _aMODERN OFFICE MANAGMENT /
_cSTANDING FORD, OLIVER
700 1 _aAPPLEBY, ROBERT C.
700 1 _aMILLS, GEOFFREY
260 _a[S.N] :
_bELBS ،
_c1986
300 _a496 P
650 0 4 _aTELECOMMUNICATION
650 0 4 _aINFORMATION SYSTEMS
650 0 4 _aMANAGEMENT
650 0 4 _aBUSINESS
650 0 4 _aADMINSTRATION
942 _2ddc
_cBK
999 _c19898
_d19898